000 00418nam a22001697a 4500
005 20251108170728.0
008 250721s1970 xx 000 0 eng d
082 1 4 _a917.3/M
100 1 _aMoynihan, Daniel P
245 1 0 _aUrban America :
_bThe expert looks at the city /
264 1 _aU.S :
_bV.O.A,
_c1970.
300 _a376p
650 1 7 _aCities & towns
650 1 7 _aUSA
942 _2ddc
_cBK
999 _c47624
_d47624